000 00486nam a22001577a 4500
008 230525b |||||||| |||| 00| 0 eng d
040 _aNational Science Library
_cNational Science Library
080 _aR 332.63(73)(02)
_bL9
245 _aPaine webber handbook of stock and bond analysis
260 _aNew York:
_bMcGraw-Hill Book Company, Inc.,
_c1979
300 _axvii, 116p.
650 _aEconomics
653 _aHandbook
700 _aSokoloff, Kiril (Ed.)
942 _2udc
_cREF
999 _c34733
_d34733